[Event "Asti op 14th"]
[Site "Asti"]
[Date "1993.10.??"]
[Round "?"]
[White "Kosten, Anthony C"]
[Black "Mailfert, Jean Pierre"]
[Result "1-0"]
[WhiteElo "2495"]
[BlackElo "2115"]
[PlyCount "43"]
[EventDate "1993.10.09"]
[EventType "swiss"]
[EventRounds "9"]
[EventCountry "ITA"]
[SourceTitle "EXT 2014"]
[Source "ChessBase"]
[SourceDate "2013.11.20"]
[SourceVersion "1"]
[SourceVersionDate "2013.11.20"]
[SourceQuality "1"]

1. c4 c6 2. e4 d5 3. cxd5 cxd5 4. exd5 Qxd5 5. Nc3 Qd6 6. d4 Nf6 7. Bc4 e6 8. Nf3 Be7 9. 0-0 0-0 10. Qe2 Nc6 11. Rd1 Nb4 12. Bg5 Nbd5 13. Ne5 a6 14. Rac1 Rd8 15. Bd3 Bd7 16. Nxd5 Nxd5 17. Bxh7+ Kxh7 18. Qh5+ Kg8 19. Qxf7+ Kh7 20. Rd3 Bxg5 21. Rh3+ Bh6 22. Rxh6+ 1-0

[Event "Budapest FS11 IM-A"]
[Site "Budapest"]
[Date "1993.??.??"]
[Round "2"]
[White "Mailfert, Jean Pierre"]
[Black "Szilardfy, Gyula"]
[Result "1/2-1/2"]
[WhiteElo "2115"]
[BlackElo "2280"]
[PlyCount "63"]
[EventDate "1993.11.??"]
[EventType "tourn"]
[EventRounds "11"]
[EventCountry "HUN"]
[EventCategory "2"]
[SourceTitle "EXT 1997"]
[Source "ChessBase"]
[SourceDate "1996.11.15"]
[SourceVersion "1"]
[SourceVersionDate "1996.11.15"]
[SourceQuality "1"]

1. d4 Nf6 2. Nf3 g6 3. g3 Bg7 4. Bg2 0-0 5. 0-0 d6 6. b3 e5 7. dxe5 Nfd7 8. Bb2 Nc6 9. c4 Ncxe5 10. Nc3 Re8 11. Qd2 a5 12. Rac1 Nc5 13. Rfd1 Bf5 14. Nxe5 Bxe5 15. Nd5 Ne4 16. Bxe4 Bxe4 17. Bxe5 Rxe5 18. Nc3 Bc6 19. Qd4 Qc8 20. f4 Qh3 21. e4 Re6 22. Nd5 Bxd5 23. cxd5 Re7 24. Re1 Rae8 25. Re3 h5 26. Rce1 h4 27. Qc3 Qg4 28. Kf2 Qh3 29. Kg1 Qg4 30. Kf2 Qh3 31. Kg1 Qg4 32. Kf2 1/2-1/2